000 01335nam a22002657a 4500
005 20080918163843.0
008 080918t xxu||||| |||| 00| 0 hin d
010 _aHIN-92627
020 _a9788190813600
_c100.00
035 _aHN-64973
037 _bDBAD / PUB
040 _aDPL
_bHN
082 _a821
100 _aयादव, पदम सिंह 'पद्म'
_9747
245 _aचलें उजाले की ओरः
_cपदम सिंह यादव 'पद्म'
_bगीत संग्रह /
260 _aइलाहाबाद
_bजागृति प्रकाशन
_c2010
270 _a99-ए, झूलेलाल नगर
_bइलाहाबाद
300 _a56पृ.
_c22सेमी (सजिल्द)
650 _aहिन्दी कविता
_9697
650 _aHindi Poetry
_9698
942 _2ddc
_cHN
_mयादव
_h821
999 _c52209
_d52209